[Event "Bad Wiessee Senioren Cup 8th"]
[Site "Bad Wiessee"]
[Date "2019.05.17"]
[Round "7"]
[White "Winter, Bernd"]
[Black "Chan, Peng Kong"]
[Result "0-1"]
[WhiteElo "1890"]
[BlackElo "2129"]
[PlyCount "88"]
[EventDate "2019.05.11"]
[EventType "swiss"]
[EventRounds "9"]
[EventCountry "GER"]
[SourceTitle "EXT 2020"]
[Source "ChessBase"]
[SourceDate "2019.10.17"]
[SourceVersion "1"]
[SourceVersionDate "2019.10.17"]
[SourceQuality "1"]

1. e4 c5 2. Nf3 e6 3. d4 cxd4 4. Nxd4 a6 5. Nc3 Qc7 6. Be2 Nf6 7. 0-0 d6 8. Be3 Be7 9. Bf3 Nbd7 10. g3 Ne5 11. Bg2 Bd7 12. h3 Rc8 13. Nce2 Nc4 14. Bc1 b5 15. c3 0-0 16. b3 Nb6 17. Bg5 h6 18. Bxf6 Bxf6 19. Rc1 Rfd8 20. f4 Qc5 21. Kh2 e5 22. Nf3 exf4 23. gxf4 Re8 24. Nfd4 Re7 25. Qd3 Rce8 26. Qg3 Bc8 27. Rf2 Kh8 28. Rg1 g6 29. Kh1 Bb7 30. f5 g5 31. h4 gxh4 32. Qg4 Rg8 33. Qh5 Kh7 34. Nf4 Qxc3 35. Nf3 Qe3 36. Nh3 Rg3 37. Re1 Rxh3+ 38. Bxh3 Qxf2 39. Bg2 Nd7 40. Rf1 Qg3 41. Nd2 Ne5 42. Qe2 Ng4 43. Bf3 Qh3+ 44. Kg1 Bd4+ 0-1

[Event "Bad Woerishofen Seniors op 32nd"]
[Site "Bad Woerishofen"]
[Date "2016.02.29"]
[Round "4"]
[White "Weyand, Fernand"]
[Black "Winter, Bernd"]
[Result "1/2-1/2"]
[WhiteElo "1788"]
[BlackElo "1922"]
[PlyCount "50"]
[EventDate "2016.02.26"]
[EventType "swiss"]
[EventRounds "9"]
[EventCountry "GER"]
[SourceTitle "EXT 2019"]
[Source "ChessBase"]
[SourceDate "2018.10.10"]
[SourceVersion "1"]
[SourceVersionDate "2018.10.10"]
[SourceQuality "1"]

1. e4 c5 2. Nc3 e6 3. g3 g6 4. Bg2 Bg7 5. Nge2 Nc6 6. 0-0 Nge7 7. d3 0-0 8. Be3 d6 9. Qd2 Re8 10. d4 cxd4 11. Nxd4 Ne5 12. Qe2 a6 13. Rad1 Qc7 14. Nb1 Nc4 15. Bc1 e5 16. Nf3 f5 17. b3 fxe4 18. Ng5 Nb6 19. c4 d5 20. cxd5 Nbxd5 21. Ba3 Nf6 22. Rc1 Nc6 23. Qc4+ Kh8 24. Nf7+ Kg8 25. Ng5+ Kh8 1/2-1/2

[Event "Bad Woerishofen Seniors op 32nd"]
[Site "Bad Woerishofen"]
[Date "2016.02.28"]
[Round "3"]
[White "Winter, Bernd"]
[Black "Schnell, Franz"]
[Result "1/2-1/2"]
[WhiteElo "1922"]
[BlackElo "1762"]
[PlyCount "152"]
[EventDate "2016.02.26"]
[EventType "swiss"]
[EventRounds "9"]
[EventCountry "GER"]
[SourceTitle "EXT 2019"]
[Source "ChessBase"]
[SourceDate "2018.10.10"]
[SourceVersion "1"]
[SourceVersionDate "2018.10.10"]
[SourceQuality "1"]

1. e4 e5 2. Nf3 d6 3. d4 exd4 4. Nxd4 Nf6 5. Nc3 Be7 6. Be2 0-0 7. 0-0 Re8 8. Be3 Bf8 9. Bf3 c5 10. Nb3 Nc6 11. Bg5 h6 12. Bxf6 Qxf6 13. Nd5 Qd8 14. c4 a5 15. a4 Nb4 16. Qd2 Nxd5 17. exd5 Qb6 18. Nc1 Bd7 19. Ne2 Qb3 20. Rfc1 Be7 21. Ra3 Qb6 22. Qc2 Bg5 23. Rd1 Qb4 24. Ra2 Bf6 25. b3 Re7 26. g3 Rae8 27. Kg2 g6 28. g4 Bg7 29. Nf4 Re1 30. Nd3 Qc3 31. Nxe1 Rxe1 32. Rxe1 Qxe1 33. Qe2 Qxe2 34. Rxe2 Kf8 35. h3 g5 36. Re4 Be5 37. Bd1 Kg7 38. f3 Kf8 39. Re1 Bc3 40. Rh1 Bf6 41. Kf2 Kg7 42. Ke3 Be5 43. Ke4 Kg6 44. Bc2 f6 45. Bd3 Bf4 46. Bc2 Bg3 47. Ke3+ Kg7 48. Be4 Kf7 49. Ke2 b6 50. Kf1 Kg7 51. Kg2 Bf4 52. h4 Be5 53. hxg5 fxg5 54. Kh3 Be8 55. Bf5 Bg6 56. Bxg6 Kxg6 57. Kg2 Bf4 58. Re1 Be5 59. Kf2 Kf6 60. Ke2 Bc3 61. Rh1 Kg6 62. Kd3 Be5 63. Ke4 Bf4 64. Re1 Kf6 65. Kd3 Be5 66. Re2 Kg6 67. Rxe5 dxe5 68. d6 Kf6 69. d7 Ke7 70. d8Q+ Kxd8 71. Ke4 Ke8 72. Kxe5 Ke7 73. f4 gxf4 74. Kxf4 Kf6 75. Ke4 Ke6 76. Kf4 Kf6 1/2-1/2

[Event "Bayern-ch Seniors 25th"]
[Site "Bergen"]
[Date "2013.06.18"]
[Round "4.25"]
[White "Wolfram, Gisbert"]
[Black "Winter, Bernd"]
[Result "1/2-1/2"]
[WhiteElo "1617"]
[BlackElo "1742"]
[PlyCount "120"]
[EventDate "2013.06.15"]
[EventType "swiss"]
[EventRounds "9"]
[EventCountry "GER"]
[SourceTitle "EXT 2022"]
[Source "ChessBase"]
[SourceDate "2021.10.06"]
[SourceVersion "1"]
[SourceVersionDate "2021.10.06"]
[SourceQuality "1"]

1. d4 Nf6 2. c4 g6 3. Nc3 Bg7 4. e4 d6 5. f4 c5 6. d5 0-0 7. Nf3 Re8 8. Be2 e6 9. 0-0 exd5 10. exd5 Na6 11. a3 Bf5 12. Bd3 Qd7 13. Qc2 Bg4 14. Qf2 Bxf3 15. Qxf3 Ng4 16. Ne2 f5 17. h3 Nf6 18. Rb1 Ne4 19. Kh2 Re7 20. Bxe4 Rxe4 21. b3 Rae8 22. Ng3 Re1 23. Bb2 R1e3 24. Qd1 Bxb2 25. Rxb2 Qg7 26. Qd2 Qc3 27. Rf2 Rxg3 28. Qxc3 Rxc3 29. Rf3 Ree3 30. Kg3 Rxf3+ 31. gxf3 Kf7 32. h4 Re3 33. Kf2 Rc3 34. Kg3 b6 35. Re2 Rxb3 36. Re6 Nc7 37. Rxd6 Ke7 38. Rc6 Ne8 39. a4 Ra3 40. h5 gxh5 41. Rh6 Rxa4 42. Rxh5 Nd6 43. Rxh7+ Kf8 44. Kh4 Nf7 45. Kh5 Kg8 46. Kg6 Nh8+ 47. Kh6 Nf7+ 48. Kg6 Nh8+ 49. Kh6 Ra1 50. Rb7 Nf7+ 51. Kg6 Rg1+ 52. Kf6 Nd6 53. Rxa7 Nxc4 54. Kxf5 Rg7 55. Ra8+ Kh7 56. Ke6 Rg6+ 57. Kf5 Rg7 58. Ke6 Rg6+ 59. Kf5 Rg7 60. Ke6 Rg6+ 1/2-1/2

[Event "Bayern-ch Seniors 23rd"]
[Site "Bergen"]
[Date "2011.05.30"]
[Round "3"]
[White "Winter, Bernd"]
[Black "Oser, Thor"]
[Result "0-1"]
[WhiteElo "1783"]
[BlackElo "1652"]
[PlyCount "82"]
[EventDate "2011.05.28"]
[EventType "swiss"]
[EventRounds "9"]
[EventCountry "GER"]
[SourceTitle "EXT 2012"]
[Source "ChessBase"]
[SourceDate "2011.11.24"]
[SourceVersion "1"]
[SourceVersionDate "2011.11.24"]
[SourceQuality "1"]

1. e4 c5 2. Nf3 Nc6 3. d4 cxd4 4. Nxd4 d6 5. Be2 Bd7 6. Be3 Nf6 7. Nc3 g6 8. f3 Bg7 9. Qd2 0-0 10. 0-0-0 a6 11. g4 b5 12. Bd3 Ne5 13. h4 Nxd3+ 14. Qxd3 b4 15. Nce2 Qa5 16. Kb1 Rfc8 17. h5 Qc7 18. hxg6 fxg6 19. Bh6 Bxh6 20. Rxh6 e5 21. Nb3 Bb5 22. Qd2 Ra7 23. Ng3 Rd8 24. Qg5 Qg7 25. f4 Rad7 26. Rdh1 exf4 27. Qxf4 Qf8 28. Nd4 Re8 29. Qg5 Rg7 30. Nxb5 axb5 31. Rf1 Rf7 32. Nf5 Nxe4 33. Rxg6+ Kh8 34. Qe3 hxg6 35. Rh1+ Rh7 36. Rxh7+ Kxh7 37. Qh3+ Kg8 38. Nh6+ Kg7 39. Nf5+ gxf5 40. gxf5 Qf6 41. Qg4+ Qg5 0-1

[Event "Bayern-ch Seniors 22nd"]
[Site "Bergen"]
[Date "2010.06.20"]
[Round "9"]
[White "Winter, Bernd"]
[Black "Walther, Reinhard"]
[Result "1/2-1/2"]
[WhiteElo "1896"]
[BlackElo "1879"]
[PlyCount "128"]
[EventDate "2010.06.12"]
[EventType "swiss"]
[EventRounds "9"]
[EventCountry "GER"]
[SourceTitle "EXT 2011"]
[Source "ChessBase"]
[SourceDate "2010.11.26"]
[SourceVersion "1"]
[SourceVersionDate "2010.11.26"]
[SourceQuality "1"]

1. e4 d6 2. d4 Nf6 3. Nc3 g6 4. Nf3 Bg7 5. Be2 0-0 6. 0-0 c6 7. a4 Nbd7 8. h3 e5 9. Be3 Re8 10. dxe5 dxe5 11. Qd2 Qe7 12. Rad1 Nc5 13. Bxc5 Qxc5 14. Qd6 Qxd6 15. Rxd6 Be6 16. Ng5 Bf8 17. Rdd1 Bb4 18. Nxe6 Rxe6 19. Bc4 Ree8 20. Na2 Bc5 21. b4 Be7 22. f3 Red8 23. c3 Kf8 24. Nc1 Nd7 25. Bb3 a5 26. Nd3 f6 27. f4 axb4 28. cxb4 exf4 29. Nxf4 Bxb4 30. Ne6+ Ke7 31. Nxd8 Rxd8 32. g4 Ra8 33. g5 Bc3 34. gxf6+ Nxf6 35. e5 Bxe5 36. Rfe1 Ra5 37. Rd3 g5 38. Red1 b5 39. axb5 Rxb5 40. Ba4 Rc5 41. Rd8 Rc4 42. Ra8 Bd4+ 43. Kg2 h5 44. Bxc6 Rxc6 45. Rxd4 Rc2+ 46. Kf1 Rc3 47. Ra5 Rxh3 48. Rxg5 Ra3 49. Re4+ Kf7 50. Rf4 Ra6 51. Rxh5 Kg6 52. Rh3 Kg5 53. Rb4 Ra1+ 54. Ke2 Ra2+ 55. Kd1 Rf2 56. Rg3+ Kf5 57. Ra3 Rf4 58. Ra5+ Kg4 59. Rb7 Rf5 60. Rg7+ Kf4 61. Ra4+ Ne4 62. Ke2 Rd5 63. Rf7+ Rf5 64. Rxf5+ Kxf5 1/2-1/2

[Event "Seefeld op 19th"]
[Site "Seefeld"]
[Date "2008.09.11"]
[Round "7"]
[White "Schnegg, Daniel"]
[Black "Winter, Bernd"]
[Result "1-0"]
[WhiteElo "2090"]
[BlackElo "2033"]
[PlyCount "63"]
[EventDate "2008.09.05"]
[EventType "swiss"]
[EventRounds "9"]
[EventCountry "AUT"]
[SourceTitle "EXT 2010"]
[Source "ChessBase"]
[SourceDate "2010.11.25"]
[SourceVersion "1"]
[SourceVersionDate "2010.11.25"]
[SourceQuality "1"]

1. e4 c5 2. Nf3 Nc6 3. d4 cxd4 4. Nxd4 e6 5. Nc3 a6 6. Be2 Qc7 7. 0-0 Nf6 8. Be3 Be7 9. f4 d6 10. Kh1 0-0 11. Bg1 Bd7 12. f5 Nxd4 13. Bxd4 e5 14. Be3 Bc6 15. Bf3 b5 16. a3 Qb7 17. Qd3 Rfd8 18. Rad1 Rac8 19. g4 b4 20. axb4 Qxb4 21. g5 d5 22. exd5 e4 23. Qxa6 Nxd5 24. Nxd5 Bxd5 25. Rxd5 exf3 26. Rxd8+ Rxd8 27. f6 Qe4 28. Bf2 Bc5 29. Qa5 Rd5 30. Re1 Qg4 31. Re8+ Bf8 32. Rxf8+ 1-0

[Event "Seefeld op 19th"]
[Site "Seefeld"]
[Date "2008.09.10"]
[Round "6"]
[White "Winter, Bernd"]
[Black "Pregl, Walter"]
[Result "0-1"]
[WhiteElo "2033"]
[BlackElo "2046"]
[PlyCount "72"]
[EventDate "2008.09.05"]
[EventType "swiss"]
[EventRounds "9"]
[EventCountry "AUT"]
[SourceTitle "EXT 2010"]
[Source "ChessBase"]
[SourceDate "2010.11.25"]
[SourceVersion "1"]
[SourceVersionDate "2010.11.25"]
[SourceQuality "1"]

1. e4 c5 2. Nf3 d6 3. d4 cxd4 4. Nxd4 Nf6 5. Nc3 a6 6. Be2 e5 7. Nb3 Be7 8. 0-0 Qc7 9. Be3 Be6 10. Qd2 Nbd7 11. a4 b6 12. f3 0-0 13. Rfd1 Rfc8 14. Rac1 Bc4 15. Bxc4 Qxc4 16. Qf2 b5 17. a5 Qc6 18. Kh1 b4 19. Nd5 Nxd5 20. Rxd5 f5 21. Rdd1 fxe4 22. fxe4 Qxe4 23. Nd2 Qg6 24. Qf3 Nf6 25. Qb7 Bf8 26. Qxb4 d5 27. Qb3 Kh8 28. Nf3 Qh5 29. Rf1 Rab8 30. Bb6 e4 31. Nd4 Bd6 32. Qh3 Qxh3 33. gxh3 Bc5 34. Bxc5 Rxc5 35. Nb3 Rc4 36. Rf4 Rxb3 0-1

[Event "Seefeld op 19th"]
[Site "Seefeld"]
[Date "2008.09.07"]
[Round "3"]
[White "Oettinger, Hagen"]
[Black "Winter, Bernd"]
[Result "1-0"]
[WhiteElo "2108"]
[BlackElo "2033"]
[PlyCount "93"]
[EventDate "2008.09.05"]
[EventType "swiss"]
[EventRounds "9"]
[EventCountry "AUT"]
[SourceTitle "EXT 2010"]
[Source "ChessBase"]
[SourceDate "2010.11.25"]
[SourceVersion "1"]
[SourceVersionDate "2010.11.25"]
[SourceQuality "1"]

1. d4 Nf6 2. Nf3 g6 3. g3 Bg7 4. Bg2 0-0 5. 0-0 d6 6. c4 c6 7. Nc3 Qa5 8. e4 Qh5 9. Re1 e5 10. d5 cxd5 11. Nxd5 Nxd5 12. Qxd5 Bg4 13. Qxb7 Nd7 14. Nh4 Rfb8 15. Qc6 Nb6 16. h3 Bd7 17. Qxa8 Rxa8 18. Bf3 Qxh4 19. gxh4 Nxc4 20. b3 Nb6 21. Bb2 Bxh3 22. Rac1 Bf6 23. h5 Bg5 24. Rc6 Be7 25. Ba3 Bd7 26. Rc7 Bd8 27. Rc2 Be7 28. Rd1 Rc8 29. Rxc8+ Nxc8 30. hxg6 fxg6 31. Be2 g5 32. f3 h5 33. Ba6 Kf7 34. Bxc8 Bxc8 35. Bxd6 Bxd6 36. Rxd6 h4 37. Rc6 Be6 38. Rc7+ Kf6 39. Rxa7 g4 40. fxg4 Bxg4 41. Kf2 Kg5 42. b4 Kf4 43. b5 h3 44. b6 h2 45. Kg2 Bf3+ 46. Kxh2 Bxe4 47. Ra4 1-0

[Event "Bayern-ch Seniors 20th"]
[Site "Bergen"]
[Date "2008.06.13"]
[Round "7.6"]
[White "Oechslein, Rainer"]
[Black "Winter, Bernd"]
[Result "1-0"]
[WhiteElo "2134"]
[BlackElo "1899"]
[PlyCount "75"]
[EventDate "2008.06.07"]
[EventType "swiss"]
[EventRounds "9"]
[EventCountry "GER"]
[SourceTitle "EXT 2022"]
[Source "ChessBase"]
[SourceDate "2021.10.06"]
[SourceVersion "1"]
[SourceVersionDate "2021.10.06"]
[SourceQuality "1"]

1. d4 Nf6 2. g3 g6 3. Bg2 Bg7 4. e4 d6 5. Nc3 0-0 6. h3 e5 7. Nf3 Nc6 8. Be3 exd4 9. Nxd4 Nxd4 10. Bxd4 c6 11. 0-0 Qc7 12. Qd2 Be6 13. f4 Rad8 14. Rad1 Bc4 15. Rfe1 Rfe8 16. a4 b6 17. Qf2 c5 18. Be3 Nd7 19. Nb5 Bxb5 20. axb5 Bxb2 21. c4 Bc3 22. Re2 Nf6 23. Rc1 Bb4 24. e5 dxe5 25. Bc6 Re7 26. f5 Qd6 27. Rf1 Kg7 28. g4 h6 29. fxg6 fxg6 30. Bxh6+ Kxh6 31. g5+ Kh7 32. gxf6 Rf7 33. Bd5 Bc3 34. Qh4+ Kg8 35. Qh6 Bd4+ 36. Kh1 Qxd5+ 37. cxd5 Rxd5 38. Rg2 1-0

[Event "Bayern-ch Seniors 20th"]
[Site "Bergen"]
[Date "2008.06.11"]
[Round "5.9"]
[White "Mueller, Lutz"]
[Black "Winter, Bernd"]
[Result "1-0"]
[WhiteElo "1951"]
[BlackElo "1899"]
[PlyCount "57"]
[EventDate "2008.06.07"]
[EventType "swiss"]
[EventRounds "9"]
[EventCountry "GER"]
[SourceTitle "EXT 2022"]
[Source "ChessBase"]
[SourceDate "2021.10.06"]
[SourceVersion "1"]
[SourceVersionDate "2021.10.06"]
[SourceQuality "1"]

1. d4 Nf6 2. Nf3 g6 3. c4 Bg7 4. Nc3 0-0 5. e4 d6 6. Bg5 h6 7. Be3 e5 8. d5 a5 9. h3 Na6 10. Bd3 Nc5 11. Bc2 Re8 12. Qd2 Kh7 13. g4 Ng8 14. 0-0-0 Ne7 15. Rdg1 c6 16. h4 f5 17. gxf5 gxf5 18. Rxg7+ Kxg7 19. Bxh6+ Kf7 20. Ng5+ Kf6 21. Nh7+ Kf7 22. Qg5 Rg8 23. Qh5+ Rg6 24. exf5 Bxf5 25. Bxf5 Nxf5 26. Qxf5+ Rf6 27. Nxf6 Qxf6 28. Qh7+ Ke8 29. Rg1 1-0

[Event "Bad Woerishofen Seniors op 24th"]
[Site "Bad Woerishofen"]
[Date "2008.03.02"]
[Round "4"]
[White "Weinwurm, Wolfgang"]
[Black "Winter, Bernd"]
[Result "1-0"]
[WhiteElo "2177"]
[BlackElo "2004"]
[PlyCount "57"]
[EventDate "2008.02.28"]
[EventType "swiss"]
[EventRounds "9"]
[EventCountry "GER"]
[SourceTitle "EXT 2019"]
[Source "ChessBase"]
[SourceDate "2018.10.10"]
[SourceVersion "1"]
[SourceVersionDate "2018.10.10"]
[SourceQuality "1"]

1. e4 c5 2. Nf3 Nc6 3. d4 cxd4 4. Nxd4 e6 5. Nc3 a6 6. Be3 Qc7 7. Qd2 Nf6 8. 0-0-0 Bb4 9. f3 d5 10. Bg5 dxe4 11. Nxc6 bxc6 12. Bxf6 gxf6 13. Qd4 Bxc3 14. Qxc3 Ke7 15. Qc5+ Ke8 16. fxe4 Bb7 17. Be2 Qe7 18. Rd6 Kf8 19. Rhd1 Kg7 20. Qb6 f5 21. exf5 Qg5+ 22. Kb1 Qxf5 23. Rf1 Qe5 24. Qxb7 Rhf8 25. Rd7 Kh6 26. Rfxf7 Rxf7 27. Rxf7 Rb8 28. Rxh7+ Kg6 29. Qf7+ 1-0

[Event "Bad Woerishofen Seniors op 24th"]
[Site "Bad Woerishofen"]
[Date "2008.03.01"]
[Round "3"]
[White "Weyrauch, Erich"]
[Black "Winter, Bernd"]
[Result "1-0"]
[WhiteElo "2130"]
[BlackElo "2004"]
[PlyCount "152"]
[EventDate "2008.02.28"]
[EventType "swiss"]
[EventRounds "9"]
[EventCountry "GER"]
[SourceTitle "EXT 2019"]
[Source "ChessBase"]
[SourceDate "2018.10.10"]
[SourceVersion "1"]
[SourceVersionDate "2018.10.10"]
[SourceQuality "1"]

1. d4 Nf6 2. c4 g6 3. Nf3 Bg7 4. Nc3 0-0 5. Bg5 h6 6. Bd2 d6 7. e4 c6 8. Be2 Nbd7 9. h3 e5 10. dxe5 dxe5 11. Qc2 Qc7 12. Be3 Re8 13. 0-0 Nf8 14. Rfd1 Ne6 15. Bf1 Bd7 16. Rd2 a5 17. Rad1 Rad8 18. a3 Bf8 19. Qb3 c5 20. Nd5 Nxd5 21. cxd5 Nd4 22. Qc3 Qd6 23. Nh2 b6 24. f3 Bg7 25. b3 f5 26. Rb1 Rc8 27. a4 Kh7 28. Bc4 fxe4 29. fxe4 g5 30. Rf1 Rf8 31. Rdf2 Rxf2 32. Rxf2 Qg6 33. Qd3 Rf8 34. Rxf8 Bxf8 35. Bxd4 cxd4 36. Qg3 Bg7 37. Bd3 Qd6 38. Be2 Qc5 39. Qd3 Qc1+ 40. Nf1 Bf8 41. Qf3 Kg7 42. Kh2 Bb4 43. Ng3 Qf4 44. Kh1 Qxf3 45. Bxf3 Kf6 46. Kg1 Bc5 47. Bg4 Be8 48. Kf1 b5 49. Bd1 bxa4 50. bxa4 Bd7 51. Ke2 Bc8 52. Bc2 Bb4 53. Nh5+ Kg6 54. g4 Kf7 55. Ng3 Ke8 56. Nf5 Bf8 57. Bd3 Bxf5 58. exf5 Bb4 59. Kf3 Ke7 60. Ke4 Kf6 61. Bc2 Bd6 62. Kd3 Ke7 63. Kc4 Kd7 64. Be4 Kc7 65. f6 Kb6 66. Bf5 Bf8 67. Be6 Bd6 68. Kd3 Kc5 69. Bf7 Kb4 70. Be8 Bc5 71. Ke4 Bd6 72. Kf5 d3 73. Bb5 d2 74. Be2 Kxa4 75. Ke6 Bf8 76. d6 Bxd6 1-0

[Event "Bad Woerishofen Seniors op 24th"]
[Site "Bad Woerishofen"]
[Date "2008.02.28"]
[Round "1"]
[White "Winter, Bernd"]
[Black "Bartlitz, Heinz"]
[Result "1-0"]
[WhiteElo "1904"]
[BlackElo "1576"]
[PlyCount "95"]
[EventDate "2008.02.28"]
[EventType "swiss"]
[EventRounds "9"]
[EventCountry "GER"]
[SourceTitle "EXT 2022"]
[Source "ChessBase"]
[SourceDate "2021.10.06"]
[SourceVersion "1"]
[SourceVersionDate "2021.10.06"]
[SourceQuality "1"]

1. e4 d6 2. d4 Nf6 3. Nc3 c6 4. Bc4 b5 5. Bd3 e5 6. dxe5 dxe5 7. Bg5 Be7 8. Nf3 Qc7 9. 0-0 0-0 10. a3 a6 11. b4 Be6 12. Ne2 c5 13. bxc5 Qxc5 14. Ng3 Nc6 15. Qe2 Nd4 16. Nxd4 Qxd4 17. Be3 Qc3 18. Bd2 Qc7 19. h3 Rac8 20. Kh1 Qd7 21. Kh2 Bc4 22. Nf5 Rfe8 23. Bg5 Bd8 24. Rfd1 Qc7 25. Bxc4 bxc4 26. Nd6 Re6 27. Nxc8 Qxc8 28. Bxf6 Rxf6 29. Rd5 Re6 30. Rad1 Re8 31. Rd7 Bb6 32. Qf3 Rf8 33. Qg3 Re8 34. c3 Rd8 35. Rxd8+ Bxd8 36. Qg4 Qc7 37. Rd7 Qb6 38. Qd1 Bf6 39. Qd5 h6 40. Rxf7 Kh7 41. Qd2 Bg5 42. Qe2 Qb3 43. Rc7 Qxc3 44. h4 Bxh4 45. Qg4 Bf6 46. Qf5+ Kg8 47. Qe6+ Kh7 48. Qxf6 1-0

[Event "Chiemgau Seniors Cup 3th"]
[Site "Bergen"]
[Date "2007.10.29"]
[Round "8"]
[White "Winter, Bernd"]
[Black "Boeven, Manfred"]
[Result "1/2-1/2"]
[WhiteElo "1863"]
[BlackElo "2005"]
[PlyCount "69"]
[EventDate "2007.10.22"]
[EventType "swiss"]
[EventRounds "9"]
[EventCountry "GER"]
[SourceTitle "EXT 2008"]
[Source "ChessBase"]
[SourceDate "2007.11.25"]
[SourceVersion "1"]
[SourceVersionDate "2007.11.25"]
[SourceQuality "1"]

1. e4 c5 2. Nf3 e6 3. d4 cxd4 4. Nxd4 Nf6 5. Nc3 Nc6 6. Ndb5 Bb4 7. Nd6+ Ke7 8. Nxc8+ Rxc8 9. Bd3 d5 10. 0-0 dxe4 11. Nxe4 Ne5 12. Nxf6 gxf6 13. Be4 Qxd1 14. Rxd1 f5 15. Bxb7 Rxc2 16. Be3 Rb8 17. Ba6 Ng4 18. Bxa7 Ra8 19. Bd3 Rxb2 20. Bd4 Rbxa2 21. Rab1 Bd6 22. Rb7+ Kf8 23. h3 Ne5 24. Bb1 R2a5 25. Bxe5 Bxe5 26. Rdd7 Kg8 27. Rxf7 Rc8 28. f4 Rc1+ 29. Kf2 Bd4+ 30. Ke2 Rxb1 31. Rxh7 Ra2+ 32. Kf3 Rf1+ 33. Kg3 Bf2+ 34. Kh2 Raa1 35. Rhg7+ 1/2-1/2

[Event "Chiemgau Seniors Cup 3th"]
[Site "Bergen"]
[Date "2007.10.27"]
[Round "6"]
[White "Winter, Bernd"]
[Black "Alefs, Heinz"]
[Result "1-0"]
[WhiteElo "1863"]
[BlackElo "1712"]
[PlyCount "59"]
[EventDate "2007.10.22"]
[EventType "swiss"]
[EventRounds "9"]
[EventCountry "GER"]
[SourceTitle "EXT 2008"]
[Source "ChessBase"]
[SourceDate "2007.11.25"]
[SourceVersion "1"]
[SourceVersionDate "2007.11.25"]
[SourceQuality "1"]

1. e4 e6 2. d4 d5 3. Nc3 Bb4 4. e5 c5 5. a3 cxd4 6. Qxd4 Nc6 7. Bb5 Bxc3+ 8. Qxc3 Bd7 9. Bd2 Nge7 10. Bxc6 Bxc6 11. Nf3 Rc8 12. Nd4 Ng6 13. Qe3 0-0 14. 0-0 a6 15. f4 Re8 16. Bc3 Nf8 17. f5 exf5 18. Nxf5 Re6 19. Qf4 Rg6 20. Nd6 d4 21. Qxf7+ Kh8 22. Qxg6 Nxg6 23. Nf7+ Kg8 24. Nxd8 dxc3 25. Nxc6 cxb2 26. Rab1 Rxc6 27. Rxb2 b6 28. c4 Nxe5 29. Re2 Rc5 30. Rf5 1-0

[Event "Chiemgau Seniors Cup 3th"]
[Site "Bergen"]
[Date "2007.10.22"]
[Round "1"]
[White "Goetz, Manfred"]
[Black "Winter, Bernd"]
[Result "0-1"]
[WhiteElo "1576"]
[BlackElo "1863"]
[PlyCount "62"]
[EventDate "2007.10.22"]
[EventType "swiss"]
[EventRounds "9"]
[EventCountry "GER"]
[SourceTitle "EXT 2008"]
[Source "ChessBase"]
[SourceDate "2007.11.25"]
[SourceVersion "1"]
[SourceVersionDate "2007.11.25"]
[SourceQuality "1"]

1. e4 c5 2. Nf3 Nc6 3. d4 cxd4 4. Nxd4 e6 5. Nc3 a6 6. Be2 Qc7 7. 0-0 Nf6 8. Bf3 Be7 9. Be3 0-0 10. Nxc6 bxc6 11. Qc1 Bb7 12. Rd1 Rac8 13. a3 d5 14. exd5 cxd5 15. Bf4 e5 16. Bg3 Rfd8 17. Ne2 Bd6 18. Nc3 e4 19. Bxd6 Rxd6 20. Be2 d4 21. Na2 Qxc2 22. Rd2 Qxc1+ 23. Rxc1 Rxc1+ 24. Nxc1 d3 25. Bd1 Nd7 26. Bb3 Nc5 27. Ba2 Bd5 28. Bxd5 Rxd5 29. b3 f5 30. g3 g5 31. Kg2 f4 0-1